Annual review of sociology

Detalles Bibliográficos
Formato: Electrónico Seriadas
Lenguaje:inglés
Publicado: Palo Alto, Calif. : Annual Reviews Inc., 1975-
Materias:
Acceso en línea:Full text available from Research Library: 01/01/1995 to 08/31/2005

MARC

LEADER 00000nas a2200000 a 4500
001 ssj0001502
003 WaSeSS
005 20200512172242.0
006 m d
007 cr n
008 980106c19759999cauar ss 0 a0eng c
010 |a sn 98023000  
016 7 |a 1467608-4  |2 DE-600 
022 |a 1545-2115  |l 0360-0572  |y 0360-0572 
030 |a ARVSDB 
035 |a (WaSeSS)ssj0001502 
037 |b Annual Reviews, 4139 El Camino Way, P.O. Box 10139, Palo Alto, CA 94303-0139 
040 |a EYM  |b eng  |c EYM  |d OCL  |d EYM  |d IUL  |d OCLCQ  |d NSD  |d OCLCQ  |d CIT  |d OCLCQ  |d GBT  |d OCLCQ  |d OCLCO  |d EUW  |d OCLCQ  |d OCLCF  |d OCLCO  |d OCLCQ  |d DEBBG  |d FIE  |d LOA  |d FJM  |d CSU  |d CNKUC  |d XFH  |d WT2  |d VT2  |d U3W  |d OCLCO  |d GILDS  |d MOW  |d OCLCQ  |d OCLCO  |d WYU  |d OCLCO  |d NJT  |d SFB  |d CNMTR  |d OCLCQ  |d CAPOC  |d WaSeSS 
042 |a pcc  |a nsdp 
050 1 4 |a HM1 
060 0 0 |a W1  |b AN7798 
082 1 0 |a 301  |2 13 
210 0 |a Annu. rev. sociol.  |b (Online) 
222 0 |a Annual review of sociology  |b (Online) 
245 0 0 |a Annual review of sociology  |h [electronic resource]. 
260 |a Palo Alto, Calif. :  |b Annual Reviews Inc.,  |c 1975- 
310 |a Annual 
362 0 |a Vol. 1 (1975)- 
506 |a License restrictions may limit access. 
538 |a Mode of access: World Wide Web. 
588 0 |a Print version record. 
588 1 |a Vol. 38 (2012). 
650 0 |a Sociology  |v Periodicals. 
650 2 |a Sociology. 
650 7 |a Sociology.  |2 ebps 
650 7 |a Sociology.  |2 fast  |0 (OCoLC)fst01123875 
655 0 |a Electronic journals. 
658 |a Sociology ejournals.  |2 local 
658 |a Social work ejournals.  |2 local 
776 0 8 |i Print version:  |t Annual review of sociology  |x 0360-0572  |w (DLC) 75648500  |w (OCoLC)2244366 
856 4 0 |z Full text available from Research Library: 01/01/1995 to 08/31/2005  |u https://search.proquest.com/publication/48086